European quarterly data (Record no. 105935)

MARC details
000 -LEADER
fixed length control field 00971cam a2200229 4500
001 - CONTROL NUMBER
control field ##L135161
008 - FIXED-LENGTH DATA ELEMENTS--GENERAL INFORMATION
fixed length control field 061002n2006 000 0 eng u
035 ## - SYSTEM CONTROL NUMBER
System control number (Sirsi) u135161
041 0# - LANGUAGE CODE
Language code of text/sound track or separate title eng
050 04 - LIBRARY OF CONGRESS CALL NUMBER
Classification number 333.33 $2 18
110 2# - MAIN ENTRY--CORPORATE NAME
Corporate name or jurisdiction name as entry element Savills
9 (RLIN) 2020
245 00 - TITLE STATEMENT
Title European quarterly data
Remainder of title second quarter 2006
260 ## - PUBLICATION, DISTRIBUTION, ETC.
Place of publication, distribution, etc. London
Name of publisher, distributor, etc. Savills
Date of publication, distribution, etc. 2006
490 #0 - SERIES STATEMENT
Series statement Savills European Quarterly Data
Volume/sequential designation Second Quarter, 2006
520 ## - SUMMARY, ETC.
Summary, etc. Provides information on 18 European cities. Includes national economic indicators for each country and looks at rents and yields for offices and warehouses, together with a short term forecast of demand, supply and rents for each sector. Tables and graphs.
590 ## - LOCAL NOTE (RLIN)
Local note IKA171006
650 24 - SUBJECT ADDED ENTRY--TOPICAL TERM
Topical term or geographic name entry element SAVILLS EUROPEAN QUARTERLY DATA
651 #4 - SUBJECT ADDED ENTRY--GEOGRAPHIC NAME
Geographic name EUROPE
690 ## - LOCAL SUBJECT ADDED ENTRY--TOPICAL TERM (OCLC, RLIN)
Topical term or geographic name as entry element PROPERTY-COMMERCIAL PROPERTY-COMMERCIAL PROPERTY MARKET
856 40 - ELECTRONIC LOCATION AND ACCESS
Uniform Resource Identifier <a href="https://www.savills.co.uk/">https://www.savills.co.uk/</a>
Public note View the report free of charge at www.savills.co.uk...
942 ## - ADDED ENTRY ELEMENTS (KOHA)
Suppress in OPAC 0
Holdings
Withdrawn status Lost status Source of classification or shelving scheme Damaged status Not for loan Home library Current library Shelving location Date acquired Total Checkouts Full call number Barcode Date last seen Copy number Price effective from Koha item type
    Dewey Decimal Classification     Virtual Virtual Online 02/10/2006   L135161 135161-1001 06/08/2019 1 06/08/2019 Book